Statistics for Svensk - tyska glosor

Click here to take the quiz!

General Stats

  • This quiz has been taken 35 times
  • The average score is 11 of 23

Answer Stats

HintAnswer% Correct
köketdie Küche
83%
troglauben
83%
bestå avbestehen aus
67%
yrketder Beruf
67%
lagetdie Mannschaft
67%
förhoppningsvishoffentlich
67%
vardagslivetdas Alltagsleben
50%
tyskkunskaperDeutschkenntnisse
50%
erfarenhetendie Erfahrung
50%
enaståendeeinmalig
50%
promeneraspazieren gehen
50%
tränatrainieren
50%
ansvarsfullverantwortungsvoll
50%
passaaufpassen auf
33%
efternamnetder Nachname
33%
skolutbytetder Schüleraustausch
33%
förnamnetder Vorname
33%
riktnumretdie Vorwahl
33%
gladlyntfröhlich
33%
socialkontaktfreudig
33%
delta iteilnehmen an
33%
koppla avsich entspannen
17%
pålitligzuverlässig
17%

Score Distribution

Percentile by Number Answered

Percent of People with Each Score

Your Score History

You have not taken this quiz